North West still scoring with public sector work (Record no. 80605)
[ view plain ]
| 000 -LEADER | |
|---|---|
| fixed length control field | 00913cab a22001815a 4500 |
| 001 - CONTROL NUMBER | |
| control field | L144824 |
| 008 - FIXED-LENGTH DATA ELEMENTS--GENERAL INFORMATION | |
| fixed length control field | 080812e20080716xxkbdo f 000 0 eng d |
| 035 ## - SYSTEM CONTROL NUMBER | |
| System control number | (Sirsi) u144824 |
| 041 0# - LANGUAGE CODE | |
| Language code of text/sound track or separate title | eng |
| 100 1# - MAIN ENTRY--PERSONAL NAME | |
| Personal name | Prior, Grant |
| 245 00 - TITLE STATEMENT | |
| Title | North West still scoring with public sector work |
| 260 ## - PUBLICATION, DISTRIBUTION, ETC. | |
| Date of publication, distribution, etc. | 2008 |
| 490 ## - SERIES STATEMENT | |
| Series statement | Contract Journal |
| Volume/sequential designation | (444)6684 16 July 2008, 17-19(2) |
| 520 ## - SUMMARY, ETC. | |
| Summary, etc. | Focus section on the North West provides an overview of the construction market for the region. Explains that the residential market is doing poorly as a result of the current economic downturn, but that public sector works are still providing a steady source of income. Provides statistics and charts on construction outputs by sub-sector and region, and projected employment figures for 2012 as a comparative indicator. |
| 651 #4 - SUBJECT ADDED ENTRY--GEOGRAPHIC NAME | |
| Geographic name | England and Wales |
| Chronological subdivision | 1543- |
| 690 ## - LOCAL SUBJECT ADDED ENTRY--TOPICAL TERM (OCLC, RLIN) | |
| Topical term or geographic name as entry element | BUILT ENVIRONMENT-CONSTRUCTION MARKET |
| 942 ## - ADDED ENTRY ELEMENTS (KOHA) | |
| Suppress in OPAC | 0 |
| Withdrawn status | Lost status | Source of classification or shelving scheme | Damaged status | Not for loan | Home library | Current library | Shelving location | Date acquired | Total Checkouts | Full call number | Barcode | Date last seen | Copy number | Price effective from | Koha item type |
|---|---|---|---|---|---|---|---|---|---|---|---|---|---|---|---|
| Dewey Decimal Classification | London | London | Journal article | 12/08/2008 | L144824 | 144824-1001 | 06/08/2019 | 1 | 06/08/2019 | Journal article |